00611nam a22001937a 450000500170000001000150001702000260003203500130005803700130007108200170008410000180010124500950011925000110021426000480022527000800027330000250035350000180037870000210039620150928120110.0 aENG-114158 c295.00a9789350352588 aEN-97690 bDBAD/PUB a347.54014092 aJanak Raj Jai aHandbook on divorce :cby Janak Raj Jai ; revised by Himanshi Mittalblaw and procedures / a5th ed aNew Delhi bUniversal Law Publishing c2013 aC-FF-1A, Dilkhush Industrial Estate, G.T. Karnal Road, bNew Delhi e110033 axxv,270p.c21cm(pbk) aInclude index aMittal, Himanshi